000 00454nam a2200169 4500
001 143466
003 ES-MaACL
005 20230906200825.0
007 t|
008 070214s1969 sp r ||||1| spa d
100 1 _aSerrat Crespo, Manuel.
_9105816
245 1 0 _aAutopsia 69 /
_cManuel Serrat Crespo.
250 _a1ยช ed.
260 _aBarcelona :
_bPicazo,
_c1969 (
_fPrinter)
300 _a190 p. ;
_c18 cm.
852 _aES-MaACL
_jC-40601
_bR.71719
999 _c143466
_d143466